000 01119nam a22002537a 4500
005 20170124102939.0
010 _aA-836326
020 _c160.00
_a8173440115
035 _aA-836326
037 _bCen Lib/Ret
040 _aDPL
_bHN
082 _a921
_bव्यासगि
100 _aव्यास, गिरिधर लाल
_947920
245 _aशौकत अली :
_cगिरिधर लाल व्यास
_bव्यक्ति एवं कृतित्व /
246 _aShaukat ali : vyakti evam krititv /
_bby Giridhar Lal Vyas
260 _aजयपुर
_bराजस्थान पीपुल्स पब्लिशिंग हाउस
_c1996
270 _bजयपुर
_aचमेलीवाला मार्किट, एम. आई. रोड
_e302001
300 _a188पृ.
_c19सेमी (सजिल्द)
650 _aहिन्दी साहित्य
_947921
650 _aHindi literature
_947922
650 _aHindi literature
_947923
650 _aBiography
_97490
942 _2ddc
_cHN
_h921
_mव्यासगि
999 _c112502
_d112502